000 00416nam a2200181Ia 4500
001 15698
005 20260306170215.0
008 260306t2011||||xx |||||||||||||| ||und||
041 _aESP
082 _a577.14
_bB16
100 _aBaird, Colin
_eAUT
245 0 _aQuímica ambiental
260 _c2011
300 _axxiii, 622 páginas :
_c25 cm.
650 _aGEN
654 _aCIA
942 _cLIB
_dJUS
_fJUS
_2ddc
_n
999 _c15698
_d15698